000 00607nam a2200241 a 4500
001 0001-1273
003 ELIB.Books
008 150623 2010 eng
020 _a0375410635
035 _a(ELIB.Books)0001-1428
092 _a296.3
_bKus
100 _aKushner, Harold S.
245 _aLiving a Life That Matters
260 _aNew York
_bAlfred A. Knope
_c2001
300 _a158
_c21.5 Cm
500 _aLibrary
650 _aGood Works (Theology)
856 _nKBTS: Library
_uKBTS: Elib
942 _2ddc
_cBK
990 _a1
998 _cbat
_e2015-06-23
999 _c11273
_d11273